000 00902nmc a2200337 a 4500
003 AR-Y00000XR
005 20251128211920.0
008 067020s2006 ||||||||||||||000 | spa||
020 _a950-12-6599-4
040 _cAR-Y00000XR
100 1 _aTodorov, Tzvetan
245 1 0 _aIntroducción a la literatura fantástica
250 _a1ª ed.
260 _aBuenos Aires
_bPaidós
_c2006
300 0 _a192 p.
490 0 _aEspacios del saber
_vv. 62
504 _aContiene referencias bibliográficas
650 4 _aTEORIA LITERARIA
650 4 _aCRITICA LITERARIA
650 4 _aHISTORIA LITERARIA
650 4 _aESTRUCTURALISMO
650 4 _aSEMIOLOGIA
650 4 _aFILOSOFIA LITERARIA
650 4 _aESCRITORES
653 0 _aLITERATURA FANTASTICA
653 0 _aFORMALISMO
655 _aLITERATURA
700 1 _aGandolfo, Elvio
_etraductor
942 _cBK
998 _cme-solo cat
999 _c21603
_d21603